000 00468nam a2200169 i 4500
001 22095
003 ES-MaACL
005 20230906152619.0
007 t|
008 021129s1976 sp ||||1| spa d
100 1 _aAlfonso, Carlos.
_919845
245 1 0 _aVeintiocho poemas de amor /
_cCarlos Alfonso.
250 _a[1ª ed].
260 _a[Bilbao :
_bComunicación Literaria de Autores,
_c1976]
300 _a121 p. ;
_c19 cm.
852 _aES-MaACL
_jA-6147
_bR.94969
999 _c22095
_d22095